• 首页
  • 本馆介绍
  • 公告通知
  • 最新文献
  • 馆藏检索
  • 电子资源
  • 读者导购
  • 参考咨询
  • 我的图书馆
  • 登录
  • 详细信息显示
  • 放入我的书架
  • 预约/预借图书
  • 作者相关作品
  • 分类相关作品
  • 丛书相关作品
  • 出版社相关作品

书目信息

  • 表格格式
  • 工作单格式
  • 卡片格式
题名:
Sturm定理
    
 
作者: 佩捷 , 冯贝叶 , 王鸿飞 编译
分册:  
出版信息: 哈尔滨   哈尔滨工业大学出版社  2018.01
页数: 132页
开本: 23cm
丛书名: 现代数学中的著名定理纵横谈丛书
单 册:
中图分类: O151.1
科图分类:
主题词: 代数方程--研究
电子资源:
ISBN: 978-7-5603-6802-3
000 00993oam2 2200289 450
001 981
005 20180927085520.57
010    @a978-7-5603-6802-3@b精装@dCNY48.00
100    @a20180714d2018 em y0chiy50 ea
101 0  @achi
102    @aCN@b230000
105    @ay z 000yy
200 1  @aSturm定理@9Sturm ding li@dSturm theorem@f佩捷,冯贝叶,王鸿飞编译@zeng
210    @a哈尔滨@c哈尔滨工业大学出版社@d2018.01
215    @a132页@d23cm
225 1  @a现代数学中的著名定理纵横谈丛书@v50
300    @a国家出版基金资助项目 国家出版基金项目
330    @a本书从一道“华约”自主招生试题的解法谈起,介绍了斯图姆定理的应用,全书共分为七章,并配有许多典型的例题。
461  0 @12001 @a现代数学中的著名定理纵横谈丛书
510 1  @aSturm theorem@zeng
606 0  @a代数方程@x研究
690    @aO151.1@v5
701  0 @a佩捷@9pei jie@4编译
701  0 @a冯贝叶@9feng bei ye@f(1946-)@4编译
701  0 @a王鸿飞@9Wang Hong Fei@4编译
801  0 @aCN@b91MARC@c20180714
905    @aMuseLib@dO151.1@e390
    
    Sturm定理=Sturm theorem/佩捷,冯贝叶,王鸿飞编译.-哈尔滨:哈尔滨工业大学出版社,2018.01
    132页;23cm.-(现代数学中的著名定理纵横谈丛书;50)
    国家出版基金资助项目 国家出版基金项目
    
    ISBN 978-7-5603-6802-3(精装):CNY48.00
    本书从一道“华约”自主招生试题的解法谈起,介绍了斯图姆定理的应用,全书共分为七章,并配有许多典型的例题。
●
相关链接 在E读中查询图书 在五车中查询图书 在当当中查询图书 在豆瓣中查询图书


正题名:Sturm定理     索取号:O151.1/390         预约/预借

序号 登录号 条形码 馆藏地/架位号 状态 备注
1 1120594   211205943   第二样本阅览室/ [索取号:O151.1/390] 在馆    
2 1120595   211205952   密集书库-数信学院/ [索取号:O151.1/390] 在馆    
3 1120596   211205961   第三借阅区/ [索取号:O151.1/390] 在馆    
4 1120597   211205970   第三借阅区/ [索取号:O151.1/390] 在馆    
5 1120598   211205989   第三借阅区/ [索取号:O151.1/390] 在馆    
唐山师范学院图书馆 欢迎您!
大连网信软件有限公司© 版权所有